000 00159nam a22000857a 4500
082 _a823
100 _aANAND PAI
245 _aTHE GREEDY MOTHER IN LAW
942 _cBK
999 _c8342
_d8342